[Event "ch-USA w 2018"]
[Site "Saint Louis USA"]
[Date "2018.04.18"]
[Round "1.1"]
[White "Goletiani, Rusudan"]
[Black "Zatonskih, Anna"]
[Result "1/2-1/2"]
[WhiteTitle "IM"]
[BlackTitle "IM"]
[WhiteElo "2306"]
[BlackElo "2444"]
[WhiteFideId "13601105"]
[BlackFideId "14101572"]
[EventDate "2018.04.18"]

1. c4 e6 2. Nf3 Nf6 3. g3 d5 4. b3 d4 5. e3 c5 6. Bg2 Nc6 7. exd4 cxd4 8. O-O
Bd6 9. Re1 O-O 10. d3 e5 11. Bg5 h6 12. Bxf6 Qxf6 13. Nbd2 Qd8 14. a3 a5 15. c5
Bc7 16. Nc4 f6 17. Rb1 Na7 18. Nh4 Nb5 19. Qh5 Nc3 20. Rbc1 Qe8 21. Qf3 f5 22.
Rxc3 dxc3 23. Qd5+ Kh7 24. Nxe5 Bxe5 25. Nf3 c2 26. Nxe5 Be6 27. Qd4 Bxb3 28.
Bxb7 Rb8 29. c6 Qe7 30. Qc3 Rxb7 31. cxb7 Qxb7 32. Qxa5 Rc8 33. Nc4 Bxc4 34.
dxc4 Rxc4 35. Rc1 Qd7 36. Kg2 Qc6+ 37. Kg1 Qd7 38. Kg2 f4 39. Qe5 Qc6+ 40. Kg1
f3 41. Qf5+ Kg8 42. h4 Rc5 43. Qd3 Rc3 44. Qd2 Qc8 45. Kh2 Kh8 46. a4 Rc4 47. a5
Qc7 48. Kg1 Qc8 49. Kh2 Qc7 50. Kg1 Qc8 1/2-1/2

[Event "ch-USA w 2018"]
[Site "Saint Louis USA"]
[Date "2018.04.18"]
[Round "1.3"]
[White "Yu, Jennifer"]
[Black "Paikidze, Nazi"]
[Result "0-1"]
[WhiteTitle "FM"]
[BlackTitle "IM"]
[WhiteElo "2367"]
[BlackElo "2352"]
[WhiteFideId "2078341"]
[BlackFideId "13603620"]
[EventDate "2018.04.18"]

1. d4 Nf6 2. Nc3 d6 3. e4 g6 4. Be2 Bg7 5. Bf4 O-O 6. Nf3 Nbd7 7. h3 c5 8. d5 b5
9. Nxb5 Nxe4 10. c3 Nb6 11. Qc2 Bf5 12. g4 Nxf2 13. gxf5 Nxh1 14. c4 a6 15. Nc3
e6 16. dxe6 fxe6 17. Ne4 exf5 18. Nxd6 Qe7 19. Kf1 g5 20. Nxg5 Ng3+ 21. Bxg3
Qxg5 22. Bh2 Rad8 23. Bf3 f4 24. Ne4 Qg6 25. h4 Qf5 26. Kg2 Nd7 27. Rg1 Ne5 28.
Qf2 Rd3 29. Ng5 Nxf3 30. Nxf3 Qg4+ 0-1

[Event "ch-USA w 2018"]
[Site "Saint Louis USA"]
[Date "2018.04.18"]
[Round "1.4"]
[White "Abrahamyan, Tatev"]
[Black "Foisor, Sabina-Francesca"]
[Result "1/2-1/2"]
[WhiteTitle "WGM"]
[BlackTitle "WGM"]
[WhiteElo "2366"]
[BlackElo "2308"]
[WhiteFideId "13301918"]
[BlackFideId "1212915"]
[EventDate "2018.04.18"]

1. e4 c6 2. d4 d5 3. Nc3 dxe4 4. Nxe4 Bf5 5. Ng3 Bg6 6. h4 h6 7. Nf3 e6 8. Ne5
Bh7 9. Bd3 Bxd3 10. Qxd3 Nd7 11. f4 Be7 12. h5 Nxe5 13. fxe5 Bh4 14. c3 Bxg3+
15. Qxg3 Ne7 16. Qxg7 Rg8 17. Qxh6 Qd5 18. Bd2 Nf5 19. Qf4 Rxg2 20. O-O-O Qxa2
21. Rh2 Qa1+ 22. Kc2 Qa4+ 23. Kc1 Ne3 24. Qxe3 Rxh2 25. Qg3 Qa1+ 26. Kc2 Qa4+
27. Kc1 Qa1+ 28. Kc2 Qa4+ 29. Kc1 1/2-1/2

[Event "ch-USA w 2018"]
[Site "Saint Louis USA"]
[Date "2018.04.18"]
[Round "1.5"]
[White "Wang, Annie"]
[Black "Feng, Maggie"]
[Result "1-0"]
[WhiteTitle "FM"]
[BlackTitle "FM"]
[WhiteElo "2321"]
[BlackElo "2243"]
[WhiteFideId "2053900"]
[BlackFideId "2078090"]
[EventDate "2018.04.18"]

1. d4 e6 2. c4 Bb4+ 3. Bd2 a5 4. g3 d6 5. Nf3 Nd7 6. Bg2 Ngf6 7. O-O e5 8. Be3
O-O 9. dxe5 dxe5 10. Qc2 Qe7 11. Nc3 c6 12. Rad1 Bc5 13. Bc1 h6 14. Nd2 Nb6 15.
Nb3 Bb4 16. c5 a4 17. cxb6 axb3 18. axb3 Ra6 19. Na4 Be6 20. Bd2 Rfa8 21. Bxb4
Qxb4 22. Nc5 Rxb6 23. Nxe6 fxe6 24. Rd3 e4 25. Re3 Rd8 26. Rd1 Rd5 27. Ra1 Rd2
28. Qc1 Qd4 29. Bxe4 Nxe4 30. Rxe4 Qxb2 31. Ra8+ Kh7 32. Qxb2 Rxb2 33. Rxe6
R2xb3 34. Rc8 R6b5 35. Rc7 Rg5 36. Ree7 b5 37. Rxc6 b4 38. Rb6 Rb1+ 39. Kg2 b3
40. Re3 Rd5 41. Rbxb3 Re1 42. Re7 Rd2 43. Kf3 Rd6 44. Rbb7 Rg6 45. Kg2 Rc1 46.
f4 Rcc6 47. Kf3 h5 48. Re5 Rh6 49. Rg5 Rcg6 50. Rxg6 Rxg6 51. Rb5 Rh6 52. h3 Kg8
53. g4 hxg4+ 54. hxg4 Kf7 55. Rb7+ Kf8 56. f5 Rh1 57. e4 Rf1+ 58. Kg3 Re1 59.
Kf4 Rf1+ 60. Kg5 Re1 61. Kg6 Rxe4 62. g5 Rf4 63. Rf7+ Ke8 64. Rxg7 Kf8 65. Ra7
Rb4 66. f6 Rb8 67. Rh7 Kg8 68. f7+ Kf8 69. Rh8+ Ke7 70. Rxb8 1-0

[Event "ch-USA w 2018"]
[Site "Saint Louis USA"]
[Date "2018.04.19"]
[Round "2.1"]
[White "Paikidze, Nazi"]
[Black "Gorti, Akshita"]
[Result "1/2-1/2"]
[WhiteTitle "IM"]
[BlackTitle "FM"]
[WhiteElo "2352"]
[BlackElo "2252"]
[WhiteFideId "13603620"]
[BlackFideId "2072505"]
[EventDate "2018.04.18"]

1. c4 e6 2. Nc3 d5 3. d4 a6 4. cxd5 exd5 5. Nf3 Nf6 6. Bg5 Be6 7. e3 Nbd7 8. Be2
Bd6 9. O-O O-O 10. Qc2 c6 11. Rac1 Re8 12. a3 Qc7 13. Bh4 Bg4 14. Bg3 Bxg3 15.
hxg3 Qd6 16. Bd3 Bh5 17. Nh4 Bg6 18. Nxg6 hxg6 19. Rfd1 Re7 20. b4 Rae8 21. a4
Ng4 22. Ne2 g5 23. Bh7+ Kh8 24. Bf5 Nh6 25. Nc3 Nb6 26. b5 axb5 27. axb5 Nc4 28.
Bd3 Nxe3 29. fxe3 Ng4 30. Bf5 Nxe3 31. Qf2 g6 32. Ne4 Nxd1 33. Nxd6 Nxf2 34.
Nxe8 gxf5 35. Kxf2 Rxe8 36. bxc6 bxc6 37. Rxc6 Re4 38. Rf6 f4 39. gxf4 gxf4 40.
Rxf7 Rxd4 41. Kf3 Kg8 42. Rxf4 Rxf4+ 43. Kxf4 Kg7 44. Kf5 Kf7 1/2-1/2

[Event "ch-USA w 2018"]
[Site "Saint Louis USA"]
[Date "2018.04.19"]
[Round "2.2"]
[White "Wang, Annie"]
[Black "Abrahamyan, Tatev"]
[Result "1/2-1/2"]
[WhiteTitle "FM"]
[BlackTitle "WGM"]
[WhiteElo "2321"]
[BlackElo "2366"]
[WhiteFideId "2053900"]
[BlackFideId "13301918"]
[EventDate "2018.04.18"]

1. d4 Nf6 2. c4 e6 3. Nc3 Bb4 4. Qc2 O-O 5. a3 Bxc3+ 6. Qxc3 d5 7. e3 b6 8. Nf3
Bb7 9. b3 Nbd7 10. Be2 c5 11. O-O Rc8 12. Bb2 Ba6 13. a4 cxd4 14. exd4 dxc4 15.
bxc4 Nd5 16. Qc2 Nf4 17. Rfc1 Nxe2+ 18. Qxe2 Qc7 19. Nd2 Rfd8 20. Ra3 Nf8 21.
Qe3 Ng6 22. h3 Bb7 23. Nf3 Qc6 24. Qc3 f6 25. Qe3 Qe4 26. Qxe4 Bxe4 27. Nd2 Bb7
28. f3 Ne7 29. a5 Nf5 30. axb6 axb6 31. Ra7 Bc6 32. Nb3 Ra8 33. Rca1 Ne3 34. Nd2
Rxa7 35. Rxa7 Nc2 36. Nb3 Ne3 37. Nd2 Nc2 38. Nb3 Ne3 1/2-1/2

[Event "ch-USA w 2018"]
[Site "Saint Louis USA"]
[Date "2018.04.19"]
[Round "2.4"]
[White "Foisor, Sabina-Francesca"]
[Black "Goletiani, Rusudan"]
[Result "1/2-1/2"]
[WhiteTitle "WGM"]
[BlackTitle "IM"]
[WhiteElo "2308"]
[BlackElo "2306"]
[WhiteFideId "1212915"]
[BlackFideId "13601105"]
[EventDate "2018.04.18"]

1. d4 e6 2. c4 f5 3. Nf3 Nf6 4. g3 c6 5. Bg2 d5 6. O-O Bd6 7. b3 Qe7 8. Bb2 b6
9. Qc1 Bb7 10. Ba3 Nbd7 11. Bxd6 Qxd6 12. Qb2 O-O 13. e3 Rac8 14. Na3 Ne4 15.
Ne5 Qe7 16. f3 Nef6 17. Rfe1 a5 18. Rac1 Nxe5 19. dxe5 Nd7 20. Red1 Kh8 21. Nc2
Ba6 22. Bf1 Bb7 23. a3 c5 24. Ne1 Bc6 25. f4 Ra8 26. Bg2 a4 27. cxd5 exd5 28.
Bxd5 Bxd5 29. Rxd5 axb3 30. Rcd1 Ra7 31. Qxb3 Rb8 32. Qd3 Nf8 33. Nf3 b5 34.
Qxf5 c4 35. Qg5 Qxa3 36. f5 c3 37. Nd4 Qb2 38. f6 c2 39. Nxc2 Qxc2 40. Rd7 Rxd7
41. Rxd7 Qc1+ 42. Kf2 Qc2+ 43. Kg1 Qc1+ 44. Kf2 Qc2+ 1/2-1/2

[Event "ch-USA w 2018"]
[Site "Saint Louis USA"]
[Date "2018.04.19"]
[Round "2.5"]
[White "Zatonskih, Anna"]
[Black "Yu, Jennifer"]
[Result "1-0"]
[WhiteTitle "IM"]
[BlackTitle "FM"]
[WhiteElo "2444"]
[BlackElo "2367"]
[WhiteFideId "14101572"]
[BlackFideId "2078341"]
[EventDate "2018.04.18"]

1. d4 d5 2. c4 c6 3. Nf3 Nf6 4. e3 a6 5. Bd3 e6 6. b3 Nbd7 7. O-O Bd6 8. Bb2 Qc7
9. Nbd2 O-O 10. e4 dxe4 11. Nxe4 Nxe4 12. Bxe4 f5 13. Bc2 e5 14. c5 Be7 15. b4
e4 16. d5 cxd5 17. Qxd5+ Kh8 18. Ne5 Nxe5 19. Bxe5 Qd7 20. Bb3 Qxd5 21. Bxd5 Bf6
22. Bxf6 Rxf6 23. Rfd1 g6 24. f3 exf3 25. Bxf3 Rf8 26. Rd6 Kg7 27. Re1 Rf7 28.
a4 Ra7 29. Bd5 Rc7 30. a5 f4 31. Re8 Bf5 32. Kf2 Kh6 33. Kf3 Kg5 34. Be4 Bxe4+
35. Rxe4 Ra8 36. Rd5+ Kh6 37. Red4 g5 38. Kg4 Rg8 39. Rd7 Rc6 40. Rxb7 Kg6 41.
Rb6 h5+ 42. Kf3 Rxb6 43. axb6 Rb8 44. h4 gxh4 45. Rxf4 Kg5 46. Rc4 Rf8+ 47. Ke2 1-0

[Event "ch-USA w 2018"]
[Site "Saint Louis USA"]
[Date "2018.04.19"]
[Round "2.6"]
[White "Feng, Maggie"]
[Black "Sharevich, Anna"]
[Result "1-0"]
[WhiteTitle "FM"]
[BlackTitle "WGM"]
[WhiteElo "2243"]
[BlackElo "2281"]
[WhiteFideId "2078090"]
[BlackFideId "13503189"]
[EventDate "2018.04.18"]

1. Nf3 d5 2. g3 Bg4 3. Bg2 Nd7 4. c4 e6 5. cxd5 exd5 6. O-O Ngf6 7. d3 Bc5 8.
Qc2 c6 9. e4 dxe4 10. dxe4 Bxf3 11. Bxf3 O-O 12. Bf4 Qe7 13. Nc3 Ne5 14. Bg2
Rfe8 15. Kh1 Bd4 16. Rae1 Rad8 17. Be3 Bxe3 18. Rxe3 Qc5 19. Re2 Nd3 20. Rd2 Nb4
21. Qd1 Qe7 22. f4 h5 23. h3 Rxd2 24. Qxd2 Rd8 25. Qe2 Qc5 26. a3 Nd3 27. Rf3
Qd4 28. e5 Nh7 29. Bf1 Nc5 30. b4 Ne6 31. Rd3 Qb6 32. Qxh5 g6 33. Qd1 Rxd3 34.
Qxd3 a5 35. bxa5 Qxa5 36. Ne4 Kg7 37. Nd6 Nc5 38. Qe3 Nf8 39. f5 Ncd7 40. f6+
Kh7 41. Nxb7 Qxe5 42. Qxe5 Nxe5 43. a4 Nfd7 44. a5 c5 45. a6 c4 46. a7 Nb6 47.
Na5 c3 48. Nb3 c2 49. Nc1 g5 50. Bg2 g4 51. a8=Q Nxa8 52. Bxa8 gxh3 53. Be4+ Kh6
54. Bxc2 Ng4 55. Bf5 Nxf6 56. Bxh3 Kg5 57. Kg2 Nd5 58. Kf3 Ne7 59. Nd3 Nc6 60.
Bd7 Ne7 61. Nf4 f6 62. Nh3+ Kg6 63. Ke4 Kf7 64. Nf4 Kg7 65. Be8 Kf8 66. Bd7 Kg7
67. Nd5 Ng8 68. Ne3 Kg6 69. Nf5 Kf7 70. Kf4 Kg6 71. Kg4 Kf7 72. Kh5 Ne7 73. Nxe7
Kxe7 74. Bf5 1-0

[Event "ch-USA w 2018"]
[Site "Saint Louis USA"]
[Date "2018.04.20"]
[Round "3.2"]
[White "Gorti, Akshita"]
[Black "Zatonskih, Anna"]
[Result "1/2-1/2"]
[WhiteTitle "FM"]
[BlackTitle "IM"]
[WhiteElo "2252"]
[BlackElo "2444"]
[WhiteFideId "2072505"]
[BlackFideId "14101572"]
[EventDate "2018.04.18"]

1. Nf3 d5 2. e3 Nf6 3. c4 e6 4. b3 c5 5. Bb2 Nc6 6. cxd5 exd5 7. Bb5 Bd6 8. O-O
O-O 9. d4 cxd4 10. Nxd4 Bc7 11. Nd2 Qd6 12. g3 Bh3 13. Re1 Bb6 14. Nxc6 bxc6 15.
Bd3 h6 16. Qc2 Rfe8 17. Rac1 Rac8 18. Bf5 Bxf5 19. Qxf5 Qe6 20. Qd3 Ng4 21. b4
f6 22. Bd4 Ne5 23. Qf1 Qg4 24. f4 Nf7 25. Qd3 Nd6 26. Bxb6 axb6 27. e4 Nxe4 28.
Nxe4 dxe4 29. Rxe4 Rxe4 30. Qxe4 Qd7 31. Re1 c5 32. bxc5 bxc5 33. Qc4+ Kh8 34.
a4 Qa7 35. Rc1 Qa5 36. Rc2 Rd8 37. Rc1 Rd4 38. Qe6 Rd8 39. Qc6 Rb8 40. Qxc5 Qxa4
41. Re1 Qa8 42. Qe3 Rc8 43. Qe7 Qa5 44. Qe3 Rc3 45. Qf2 Kh7 46. Rd1 f5 47. Qd4
Rc2 48. Qd5 Qa7+ 49. Kh1 Rc5 50. Qd4 Qb7+ 51. Kg1 Rc2 52. Qd5 Qb6+ 53. Qd4 Qe6
54. Qd3 Re2 55. Rb1 Re3 56. Qd4 Re2 57. Qd3 Re4 58. Rb5 Qa2 59. Rb1 Qa7+ 60. Kh1
Qa8 61. Kg1 Qc6 62. Qb5 Qe6 63. Qd3 h5 64. Qf3 Kh6 65. Qf2 g6 66. Qb2 Re1+ 67.
Rxe1 Qxe1+ 1/2-1/2

[Event "ch-USA w 2018"]
[Site "Saint Louis USA"]
[Date "2018.04.20"]
[Round "3.3"]
[White "Derakhshani, Dorsa"]
[Black "Paikidze, Nazi"]
[Result "0-1"]
[WhiteTitle "IM"]
[BlackTitle "IM"]
[WhiteElo "2306"]
[BlackElo "2352"]
[WhiteFideId "12500330"]
[BlackFideId "13603620"]
[EventDate "2018.04.18"]

1. e4 d6 2. d4 Nf6 3. Nc3 e5 4. dxe5 dxe5 5. Qxd8+ Kxd8 6. Bg5 Be6 7. O-O-O+ Kc8
8. Nf3 Nbd7 9. Bh4 h6 10. Nd2 Bb4 11. Ndb1 c6 12. Bd3 Kc7 13. a3 Bc5 14. Nd2 a5
15. Bc4 a4 16. Bxe6 fxe6 17. Nf3 Nh5 18. Rd2 g5 19. Rhd1 Rhd8 20. Bg3 Nxg3 21.
hxg3 g4 22. Ne1 Bd4 23. Nd3 Nf6 24. Re2 Rg8 25. Rh1 h5 26. Nd1 c5 27. c4 Rad8
28. Kc2 b5 29. cxb5 Kb6 30. Nc3 Ra8 31. Rb1 Ne8 32. Ne1 Nd6 33. Kd3 c4+ 34. Kd2
Nxb5 35. Nxb5 Kxb5 36. Nc2 Kc5 37. Nb4 Kb5 38. Ke1 Rh8 39. Rc2 h4 40. gxh4 Rxh4
41. Rbc1 Rf8 42. Re2 Rh1+ 43. Kd2 Rxc1 44. Kxc1 Bxf2 45. Na2 Bd4 46. Kc2 Rf1 47.
Nc3+ Bxc3 48. Kxc3 Rg1 49. Kd2 Kc5 50. Ke3 Rf1 51. Rd2 Re1+ 52. Kf2 Rxe4 53. Kg3
Rd4 54. Re2 Kd5 55. Kh4 Rf4 56. g3 Rd4 57. Kg5 c3 58. bxc3 Rd3 59. c4+ Kd4 60.
Kxg4 Rxa3 61. c5 Rc3 62. Ra2 Kxc5 63. Rxa4 Rc4+ 64. Rxc4+ Kxc4 65. Kf3 Kd3 66.
Kf2 e4 67. g4 Kd2 0-1

[Event "ch-USA w 2018"]
[Site "Saint Louis USA"]
[Date "2018.04.20"]
[Round "3.5"]
[White "Abrahamyan, Tatev"]
[Black "Feng, Maggie"]
[Result "0-1"]
[WhiteTitle "WGM"]
[BlackTitle "FM"]
[WhiteElo "2366"]
[BlackElo "2243"]
[WhiteFideId "13301918"]
[BlackFideId "2078090"]
[EventDate "2018.04.18"]

1. e4 e6 2. d4 d5 3. Nd2 Be7 4. Bd3 c5 5. Ngf3 Nf6 6. e5 Nfd7 7. c3 Nc6 8. O-O
a5 9. Re1 cxd4 10. cxd4 Qb6 11. Nb1 Nxd4 12. Nxd4 Qxd4 13. Nc3 Qb6 14. Qg4 Kf8
15. Nb5 Nc5 16. Be3 Bd7 17. a4 Qd8 18. Bc2 Rc8 19. Rad1 Bxb5 20. axb5 Nd7 21.
Bb3 Nxe5 22. Qg3 Nc4 23. Bd4 Bf6 24. Bxf6 gxf6 25. Qh4 Ke7 26. Qh5 Rc5 27. Bxc4
Rxc4 28. Rxd5 Qc7 29. Rdd1 Rc5 30. Qh6 Rxb5 31. Rd3 Rd8 32. Rc3 Rc5 33. Rf3 Qe5
34. Rfe3 Qf5 35. h3 Rg8 36. Rb3 Qd5 0-1

[Event "ch-USA w 2018"]
[Site "Saint Louis USA"]
[Date "2018.04.20"]
[Round "3.6"]
[White "Yu, Jennifer"]
[Black "Foisor, Sabina-Francesca"]
[Result "1-0"]
[WhiteTitle "FM"]
[BlackTitle "WGM"]
[WhiteElo "2367"]
[BlackElo "2308"]
[WhiteFideId "2078341"]
[BlackFideId "1212915"]
[EventDate "2018.04.18"]

1. c4 c6 2. e4 d5 3. exd5 cxd5 4. cxd5 Nf6 5. Nc3 g6 6. Nf3 Nxd5 7. Qb3 Nb6 8.
Bb5+ Bd7 9. Ne5 e6 10. Nxd7 N8xd7 11. d4 Bg7 12. O-O O-O 13. Rd1 Nf6 14. Bg5 h6
15. Bh4 g5 16. Bg3 Nbd5 17. Be5 Rc8 18. Be2 Qb6 19. Qxb6 axb6 20. Rac1 Nxc3 21.
bxc3 Ne4 22. Bxg7 Kxg7 23. c4 Rfd8 24. Bf3 f5 25. Bxe4 fxe4 26. Kf1 b5 27. c5
Rd5 28. Ke2 Ra8 29. Rc2 Kf6 30. Ke3 e5 31. Kxe4 Rad8 32. Rcd2 Ke6 33. Ke3 Ra8
34. dxe5 Ra3+ 35. Rd3 Rxe5+ 36. Kf3 Rf5+ 37. Kg3 Rxd3+ 38. Rxd3 Rxc5 39. a3 h5
40. f3 Ke5 41. h4 Kf5 42. hxg5 Kxg5 43. Rd7 Rc3 44. Rxb7 Rxa3 45. Rxb5+ Kg6 46.
Re5 Rb3 47. Kf4 Rb4+ 48. Re4 Rb2 49. Kg3 Rb1 50. Ra4 Rb2 51. Ra6+ Kf5 52. Ra5+
Kg6 53. f4 h4+ 54. Kh3 Rf2 55. Rg5+ Kf6 56. Rg4 Kf5 57. Rxh4 Ra2 58. g3 Kg6 59.
Kg4 Ra8 60. f5+ Kf6 61. Rh6+ Kg7 62. Rb6 Kf7 63. Kg5 Rg8+ 64. Kf4 Ra8 65. g4
Ra4+ 66. Kg5 Rc4 67. Rb7+ Kg8 68. f6 Ra4 69. Kf5 Ra5+ 70. Kg6 Ra8 71. Rg7+ Kf8
72. Rh7 1-0

[Event "ch-USA w 2018"]
[Site "Saint Louis USA"]
[Date "2018.04.21"]
[Round "4.1"]
[White "Paikidze, Nazi"]
[Black "Sharevich, Anna"]
[Result "1-0"]
[WhiteTitle "IM"]
[BlackTitle "WGM"]
[WhiteElo "2352"]
[BlackElo "2281"]
[WhiteFideId "13603620"]
[BlackFideId "13503189"]
[EventDate "2018.04.18"]

1. e4 c6 2. Nc3 d5 3. Nf3 Bg4 4. h3 Bxf3 5. Qxf3 d4 6. Ne2 e6 7. d3 Nf6 8. g4
Na6 9. Bg2 Qa5+ 10. c3 Rd8 11. O-O dxc3 12. bxc3 Nc5 13. d4 Ncxe4 14. c4 Nd2 15.
Bxd2 Qxd2 16. Rfd1 Qg5 17. Qb3 Rd7 18. d5 cxd5 19. cxd5 e5 20. Rac1 Be7 21. Rc8+
Bd8 22. Qa3 h5 23. f4 exf4 24. Nd4 Qe5 25. Nf5 Nxd5 26. Bxd5 Rxd5 27. Qa4+ 1-0

[Event "ch-USA w 2018"]
[Site "Saint Louis USA"]
[Date "2018.04.21"]
[Round "4.2"]
[White "Wang, Annie"]
[Black "Yu, Jennifer"]
[Result "1-0"]
[WhiteTitle "FM"]
[BlackTitle "FM"]
[WhiteElo "2321"]
[BlackElo "2367"]
[WhiteFideId "2053900"]
[BlackFideId "2078341"]
[EventDate "2018.04.18"]

1. d4 Nf6 2. c4 e5 3. dxe5 Ng4 4. Bf4 Nc6 5. Nf3 Bb4+ 6. Nbd2 Qe7 7. e3 Ngxe5 8.
Nxe5 Nxe5 9. Be2 O-O 10. a3 Bxd2+ 11. Qxd2 d6 12. O-O b6 13. b4 Bb7 14. Rac1 Nd7
15. Rfd1 f5 16. h3 Rae8 17. Qd4 Qf6 18. Qxf6 Rxf6 19. c5 bxc5 20. Bb5 c6 21.
Bc4+ d5 22. bxc5 Re4 23. Bd3 Ra4 24. Rc3 Ba6 25. Bxa6 Rxa6 26. Rb1 h6 27. Rb7
Rf7 28. Bd6 Nf6 29. Rb8+ Kh7 30. f3 g5 31. Rcb3 Kg6 32. Rd8 h5 33. Be5 f4 34.
exf4 gxf4 35. Bxf4 Kf5 36. Bd6 h4 37. Rh8 Ra4 38. f4 Rc4 39. Rxh4 Rc1+ 40. Kh2
Rc2 41. Rh8 Rg7 42. Rg3 Rxg3 43. Kxg3 Ne4+ 44. Kf3 Rc3+ 45. Ke2 Ng3+ 46. Kf2
Rxa3 47. Rf8+ Ke4 48. Be5 Nf5 49. Rb8 d4 50. Rb2 Ne3 51. Re2 Ra1 52. Rd2 Ra4 53.
Bxd4 Rxd4 54. Re2 Rd3 55. f5 Kxf5 56. Rxe3 Rd5 57. Rc3 a5 58. g4+ Kf4 59. Rc4+
Kg5 60. Rc3 Kh4 61. Ke2 a4 62. Kf2 Rd8 63. Ra3 Rd4 64. Rc3 Rd5 65. Ke2 Rd8 66.
Rd3 Ra8 67. Ra3 Ra5 68. Kd2 Rxc5 69. Kd3 Rb5 70. Kc4 Re5 71. Kb4 Rb5+ 72. Kxa4
Rb1 73. Rb3 Rc1 74. Re3 Rb1 75. Rc3 c5 76. Rb3 Rc1 77. Kb5 Kg5 78. Rf3 Kh4 79.
Rd3 Rc2 80. Kc6 c4 81. Re3 Rf2 82. Kc5 Rf4 83. Rc3 Re4 84. Kb4 Kg5 85. Rxc4 Re8
86. Rc5+ Kf4 87. Rh5 Rc8 88. g5 Kf5 89. h4 Rc1 90. Rh6 Rc8 91. g6 Kf6 92. h5 Kg7
93. Rh7+ Kg8 94. Rd7 Rc6 95. Kb5 Rf6 96. Kc4 Ra6 97. Kd5 Ra1 98. h6 Rd1+ 99. Ke6
Re1+ 100. Kf5 Rf1+ 101. Ke4 Re1+ 102. Kf3 Re8 103. Kg4 Ra8 104. Kf5 Rf8+ 105.
Kg5 Ra8 106. h7+ Kh8 107. Kh6 1-0

[Event "ch-USA w 2018"]
[Site "Saint Louis USA"]
[Date "2018.04.21"]
[Round "4.4"]
[White "Zatonskih, Anna"]
[Black "Derakhshani, Dorsa"]
[Result "1-0"]
[WhiteTitle "IM"]
[BlackTitle "IM"]
[WhiteElo "2444"]
[BlackElo "2306"]
[WhiteFideId "14101572"]
[BlackFideId "12500330"]
[EventDate "2018.04.18"]

1. d4 Nf6 2. c4 g6 3. Nc3 d5 4. e3 Bg7 5. Nf3 O-O 6. Bd2 c5 7. dxc5 Na6 8. cxd5
Nxd5 9. Bxa6 bxa6 10. Na4 a5 11. O-O Ba6 12. Re1 Qc7 13. a3 Bb5 14. Rc1 Rfd8 15.
Qc2 e5 16. b3 Rac8 17. Nb2 Ne7 18. e4 Nc6 19. Nc4 Bf8 20. Bg5 Rd7 21. Qb2 Nd4
22. Nxd4 Rxd4 23. Nd6 Rb8 24. Be3 Bxd6 25. cxd6 Qxd6 26. Bxd4 exd4 27. Qd2 d3
28. a4 Ba6 29. Rc3 Qd4 30. h3 Re8 31. Rc6 Bb7 32. Rc4 Qd6 33. Re3 Rd8 34. Rc3
Ba6 35. Rc1 Qa3 36. Rc6 Bb7 37. Rc3 Ba6 38. Rc6 Bb7 39. Rc3 Ba6 40. Rexd3 Bxd3
41. Rxd3 Qa1+ 42. Kh2 Qe5+ 43. g3 Re8 44. Rd4 h5 45. h4 Kg7 46. Qe3 Qc5 47. Kg2
Rb8 48. Rd3 Qe5 49. Rd5 Qe6 50. Qd4+ Kh7 51. Rxa5 Rxb3 52. Rxa7 Rb8 53. a5 Re8
54. Rd7 Kh6 55. a6 1-0

[Event "ch-USA w 2018"]
[Site "Saint Louis USA"]
[Date "2018.04.21"]
[Round "4.5"]
[White "Foisor, Sabina-Francesca"]
[Black "Gorti, Akshita"]
[Result "1-0"]
[WhiteTitle "WGM"]
[BlackTitle "FM"]
[WhiteElo "2308"]
[BlackElo "2252"]
[WhiteFideId "1212915"]
[BlackFideId "2072505"]
[EventDate "2018.04.18"]

1. d4 e6 2. c4 d5 3. Nc3 a6 4. cxd5 exd5 5. Bf4 Nf6 6. e3 Bd6 7. Bg5 Be6 8. Bd3
O-O 9. Nge2 Re8 10. h3 Nbd7 11. f4 Nb6 12. O-O h6 13. Bh4 c5 14. Ng3 Rc8 15. Qf3
Be7 16. Rae1 Qc7 17. Bxf6 Bxf6 18. Nh5 Qe7 19. f5 Bd7 20. Nxd5 Nxd5 21. Qxd5
Red8 22. Qf3 cxd4 23. e4 Rc5 24. Qg3 Re5 25. Rf4 Kh8 26. Ref1 Rg8 27. Rg4 Bc6
28. Qf4 Bg5 29. Rxg5 hxg5 30. Qg4 f6 31. Nf4 Be8 32. Ng6+ Bxg6 33. fxg6 1-0

[Event "ch-USA w 2018"]
[Site "Saint Louis USA"]
[Date "2018.04.21"]
[Round "4.6"]
[White "Abrahamyan, Tatev"]
[Black "Goletiani, Rusudan"]
[Result "1-0"]
[WhiteTitle "WGM"]
[BlackTitle "IM"]
[WhiteElo "2366"]
[BlackElo "2306"]
[WhiteFideId "13301918"]
[BlackFideId "13601105"]
[EventDate "2018.04.18"]

1. e4 c5 2. Nf3 e6 3. d4 cxd4 4. Nxd4 a6 5. Nc3 b5 6. Bd3 Qb6 7. Nf3 Nc6 8. O-O
Qb8 9. e5 Bb7 10. Re1 f5 11. a4 b4 12. Nb1 Bc5 13. Nbd2 Na5 14. Ng5 Be7 15. Nb3
Nxb3 16. cxb3 Qd8 17. Nh3 Qa5 18. Bc4 Bf8 19. Bg5 Ne7 20. Nf4 g6 21. Qd2 Bc6 22.
Rac1 Qb6 23. Red1 h6 24. Bxe7 Bxe7 25. Nxg6 Bg5 26. Qd6 Rg8 27. Bxe6 Rxg6 28.
Rxc6 Qxc6 29. Bxd7+ Kd8 30. Bxc6+ 1-0

[Event "ch-USA w 2018"]
[Site "Saint Louis USA"]
[Date "2018.04.22"]
[Round "5.2"]
[White "Gorti, Akshita"]
[Black "Wang, Annie"]
[Result "1/2-1/2"]
[WhiteTitle "FM"]
[BlackTitle "FM"]
[WhiteElo "2252"]
[BlackElo "2321"]
[WhiteFideId "2072505"]
[BlackFideId "2053900"]
[EventDate "2018.04.18"]

1. d4 e6 2. Nf3 Nf6 3. e3 d5 4. Bd3 Be7 5. O-O O-O 6. Nbd2 b6 7. e4 dxe4 8. Nxe4
Bb7 9. Qe2 Nbd7 10. Rd1 Nxe4 11. Bxe4 Bxe4 12. Qxe4 Nf6 13. Qe2 Qd6 14. c4 c5
15. Bg5 Rad8 16. h3 cxd4 17. Nxd4 Qc5 18. Be3 Qc7 19. Rdc1 Bc5 20. Nb5 Qb7 21.
a3 Bxe3 22. Qxe3 Rd7 23. Rd1 Rfd8 24. Rxd7 Rxd7 25. Rc1 h6 26. b4 Qc6 27. Nd4
Qd6 28. Nb5 Qc6 29. Nd4 Qd6 30. Nf3 Rc7 31. Qe2 Qf4 32. Rc2 Kf8 33. g3 Qe4 34.
Qxe4 Nxe4 35. Kf1 Nd6 36. Nd2 Ke7 37. a4 a5 38. bxa5 bxa5 39. c5 Nb7 40. Nb3 Rc6
41. f4 Kf6 42. Ke2 e5 43. Kf3 g5 44. Ke4 exf4 45. gxf4 gxf4 46. Kxf4 Ke7 47. Ke5
Rg6 48. Nd4 Kd8 49. Kd5 Kc8 50. h4 Nd8 51. Rb2 Kc7 52. Rb5 Rg4 53. Rb3 Rxh4 54.
Nb5+ Kd7 55. Nc3 Rh5+ 56. Kc4 Ne6 57. Rb7+ Kc6 58. Rb6+ Kd7 59. Rd6+ Kc8 60. Nd5
Rg5 61. Rc6+ Kd7 62. Rd6+ Kc8 63. Rc6+ Kd7 64. Rd6+ 1/2-1/2